<?xml version="1.0" encoding="UTF-8"?>
<record
    xmlns:xsi="http://www.w3.org/2001/XMLSchema-instance"
    xsi:schemaLocation="http://www.loc.gov/MARC21/slim http://www.loc.gov/standards/marcxml/schema/MARC21slim.xsd"
    xmlns="http://www.loc.gov/MARC21/slim">

  <leader>01568nam a2200289 a 4500</leader>
  <controlfield tag="001">3568445</controlfield>
  <controlfield tag="005">20220326193337.0</controlfield>
  <controlfield tag="008">980612s1998    ag a          000 0 spa  </controlfield>
  <datafield tag="010" ind1=" " ind2=" ">
    <subfield code="a">   98160026 </subfield>
  </datafield>
  <datafield tag="020" ind1=" " ind2=" ">
    <subfield code="a">9509536202</subfield>
  </datafield>
  <datafield tag="035" ind1=" " ind2=" ">
    <subfield code="a">(AgBaFGC)gc 960033260006</subfield>
  </datafield>
  <datafield tag="040" ind1=" " ind2=" ">
    <subfield code="a">DLC</subfield>
    <subfield code="c">DLC</subfield>
  </datafield>
  <datafield tag="043" ind1=" " ind2=" ">
    <subfield code="a">cl-----</subfield>
  </datafield>
  <datafield tag="082" ind1="0" ind2="0">
    <subfield code="a">779.209.2</subfield>
    <subfield code="b">F141f</subfield>
  </datafield>
  <datafield tag="100" ind1="1" ind2=" ">
    <subfield code="a">Facio, Sara.</subfield>
    <subfield code="9">4194</subfield>
  </datafield>
  <datafield tag="245" ind1="1" ind2="0">
    <subfield code="a">Foto de escritor :</subfield>
    <subfield code="b">1963/1973 /</subfield>
    <subfield code="c">Sara Facio.</subfield>
  </datafield>
  <datafield tag="250" ind1=" " ind2=" ">
    <subfield code="a">1a. ed.</subfield>
  </datafield>
  <datafield tag="260" ind1=" " ind2=" ">
    <subfield code="a">Buenos Aires :</subfield>
    <subfield code="b">La Azotea Editorial Fotogr&#xE1;fica,</subfield>
    <subfield code="c">1998.</subfield>
  </datafield>
  <datafield tag="300" ind1=" " ind2=" ">
    <subfield code="a">139 p. :</subfield>
    <subfield code="b">ill. ;</subfield>
    <subfield code="c">25 x 22 cm.</subfield>
  </datafield>
  <datafield tag="440" ind1=" " ind2="0">
    <subfield code="a">Colecci&#xF3;n Lo nuestro</subfield>
    <subfield code="9">4195</subfield>
  </datafield>
  <datafield tag="505" ind1=" " ind2=" ">
    <subfield code="t">Victoria Ocampo</subfield>
    <subfield code="t">Ricardo E. Molinari </subfield>
    <subfield code="t">Miguel Angel Asturias </subfield>
    <subfield code="t">Jorge Luis Borges</subfield>
    <subfield code="t">Leopoldo Marechal</subfield>
    <subfield code="t">Silvina Ocampo</subfield>
    <subfield code="t">Eduardo Mallea </subfield>
    <subfield code="t">Alejo Carpentier </subfield>
    <subfield code="t">Pablo Neruda</subfield>
    <subfield code="t">Juan Carlos Onetti </subfield>
    <subfield code="t">Enrique Molina</subfield>
    <subfield code="t">Manuel  Mujica Lainez </subfield>
    <subfield code="t">Ernesto Sabato </subfield>
    <subfield code="t">Octavio Paz </subfield>
    <subfield code="t">Nicanor Parra </subfield>
    <subfield code="t">Adolfo Bioy Caseres </subfield>
    <subfield code="t">Julio Cortazar </subfield>
    <subfield code="t">Augusto Roa Bastos </subfield>
    <subfield code="t">Juan Rulfo </subfield>
    <subfield code="t">Alberto Girri </subfield>
    <subfield code="t">Mario Bennedetti </subfield>
    <subfield code="t">Olga Orozco </subfield>
    <subfield code="t">Carlos Gorostiza </subfield>
    <subfield code="t">Beatriz Guido </subfield>
    <subfield code="t">Gabriel Garcia Marquez</subfield>
    <subfield code="t">Griselda Gambaro </subfield>
    <subfield code="t">Guillermo Cabrera Infante </subfield>
    <subfield code="t">Carlos Fuente </subfield>
    <subfield code="t">David Vi&#xF1;as </subfield>
    <subfield code="t">Maria Elena Walsh </subfield>
    <subfield code="t">Mario Vargas Llosa</subfield>
    <subfield code="t">Alejandra Pizarnik</subfield>
    <subfield code="t">Severo Sarduy </subfield>
  </datafield>
  <datafield tag="600" ind1="1" ind2="0">
    <subfield code="a">Facio, Sara.</subfield>
    <subfield code="9">4196</subfield>
  </datafield>
  <datafield tag="650" ind1=" " ind2="0">
    <subfield code="a">Authors, Latin American</subfield>
    <subfield code="x">Portraits.</subfield>
    <subfield code="9">4197</subfield>
  </datafield>
  <datafield tag="650" ind1=" " ind2="0">
    <subfield code="a">Portrait photography</subfield>
    <subfield code="z">Latin America.</subfield>
    <subfield code="9">4198</subfield>
  </datafield>
  <datafield tag="906" ind1=" " ind2=" ">
    <subfield code="a">7</subfield>
    <subfield code="b">cbc</subfield>
    <subfield code="c">orignew</subfield>
    <subfield code="d">2</subfield>
    <subfield code="e">ncip</subfield>
    <subfield code="f">19</subfield>
    <subfield code="g">y-gencatlg</subfield>
  </datafield>
  <datafield tag="999" ind1=" " ind2=" ">
    <subfield code="c">783</subfield>
    <subfield code="d">783</subfield>
  </datafield>
  <datafield tag="952" ind1=" " ind2=" ">
    <subfield code="0">0</subfield>
    <subfield code="1">0</subfield>
    <subfield code="2">ddc</subfield>
    <subfield code="4">0</subfield>
    <subfield code="7">0</subfield>
    <subfield code="a">LV</subfield>
    <subfield code="b">LV</subfield>
    <subfield code="c">Monograf&#xED;as</subfield>
    <subfield code="d">2015-11-18</subfield>
    <subfield code="l">0</subfield>
    <subfield code="o">779.209.2 F141f</subfield>
    <subfield code="p">000761</subfield>
    <subfield code="r">2015-11-18 00:00:00</subfield>
    <subfield code="w">2015-11-18</subfield>
    <subfield code="y">01</subfield>
  </datafield>
</record>
